| 000 | 02330cam a2200409 4500500 | ||
|---|---|---|---|
| 005 | 20251228051820.0 | ||
| 041 | _afre | ||
| 042 | _adc | ||
| 100 | 1 | 0 |
_aRibot, Catherine _eauthor |
| 245 | 0 | 0 | _aLes potentialités de l’action collective en matière de contentieux environnemental |
| 260 | _c2022. | ||
| 500 | _a67 | ||
| 520 | _aLa technique contentieuse de l’action collective devait permettre l’introduction de nouvelles instances et aboutir à un renforcement des actions en faveur de la protection environnementale. En réalité, cet instrument a été largement ignoré en droit français. Pourtant, son existence même manifeste la possibilité d’une évolution prometteuse du droit de l’environnement. Les personnes publiques, devenant gardiennes de biens communs, seraient placées sur une échelle de communalité pour assurer la protection des éléments de notre patrimoine commun. | ||
| 520 | _aThe litigation technique of the class action was supposed to provide the introduction of new jurisdictions and strengthen the actions in favour of the environmental protection. In reality, this tool has been widely ignored in French law, whereas its existence itself express the opportunity of a promising development of the environmental law. The public persons by becoming the common good’s guardian, would be placed on a commonality scale in order to protect the components of our common heritage. | ||
| 690 | _aaction de groupe | ||
| 690 | _aassociations requérantes | ||
| 690 | _abien commun | ||
| 690 | _aclass action | ||
| 690 | _acontentieux environnemental | ||
| 690 | _aéchelle de communalité | ||
| 690 | _aÉtat gardien | ||
| 690 | _afiducie publique | ||
| 690 | _ajustice climatique | ||
| 690 | _apatrimoine commun | ||
| 690 | _aPublic Trust | ||
| 690 | _a"commonality scale" | ||
| 690 | _aapplicant organization | ||
| 690 | _aclass action | ||
| 690 | _aclimate justice | ||
| 690 | _acommon good | ||
| 690 | _acommon heritage | ||
| 690 | _aenvironmental litigation | ||
| 690 | _aguardian state | ||
| 690 | _aPublic Trust | ||
| 786 | 0 | _nRevue juridique de l’environnement | Volume 47 | 4 | 2022-12-06 | p. 703-715 | 0397-0299 | |
| 856 | 4 | 1 | _uhttps://droit.cairn.info/revue-juridique-de-l-environnement-2022-4-page-703?lang=fr&redirect-ssocas=7080 |
| 999 |
_c1582392 _d1582392 |
||